01009cam a2200277 a 450000100100000000500170001000800410002701000130006802000210008102000220010202000220012403500190014604000230016508200180018824501750020626000590038130000410044049000170048150400620049865000340056065000360059470000220063070000270065270000340067983000180071300001224220200929162746.0830304s1982 mx a b 000 0 spa  a82230802 a9681609018 (set) a9681610113 (v. 1) a9681610121 (v. 2) a(DLC) 82230802 aDO-SdBNPcDLCdDLC a379.72bH673e00aHistoria de la educación pública en México /ccoordinadores, Fernando Solana, Raúl Cardiel Reyes y Raúl Bolaños ; [colaboradores, Fernando Solana ... et al.]. aMéxico D. F. :bFondo de Cultura Económica,c1982. a2 v. (viii, 642 p.) :bil. ;c17 cm.1 aSEP 80 ;v15 aIncluye referencias bibliográficas al pie de páginas. 4aEscuelas públicaszMéxico 4aEducaciónzMéxicoxHistoria1 aSolana, Fernando.1 aCardiel Reyes, Raúl.1 aBolaños Martínez, Raúl. 0aSEP/80 ;v15.